Welcome to CU Library Online Public Access Catalogue (OPAC)

Information systems : (Record no. 9743)

MARC details
000 -LEADER
fixed length control field 00732cam a2200229 a 4500
001 - CONTROL NUMBER
control field 1201888
005 - DATE AND TIME OF LATEST TRANSACTION
control field 20260504150923.0
008 - FIXED-LENGTH DATA ELEMENTS--GENERAL INFORMATION
fixed length control field 990415s1999 txua b 001 0 eng
020 ## - INTERNATIONAL STANDARD BOOK NUMBER
International Standard Book Number 0030224691
020 ## - INTERNATIONAL STANDARD BOOK NUMBER
International Standard Book Number 9780030224690
050 00 - LIBRARY OF CONGRESS CALL NUMBER
Classification number T58.6
Item number .G63 1999
082 00 - DEWEY DECIMAL CLASSIFICATION NUMBER
Classification number 658.4/038/0285
Edition information 21
100 1# - MAIN ENTRY--PERSONAL NAME
Personal name Gordon, Judith R.
245 10 - TITLE STATEMENT
Title Information systems :
Remainder of title a management approach /
Statement of responsibility, etc. Judith R. Gordon, Steven R. Gordon.
250 ## - EDITION STATEMENT
Edition statement 2nd ed.
260 ## - PUBLICATION, DISTRIBUTION, ETC.
Place of publication, distribution, etc. Fort Worth :
Name of publisher, distributor, etc. Dryden Press,
Date of publication, distribution, etc. c1999.
300 ## - PHYSICAL DESCRIPTION
Extent xxxi, 586, [27] p. :
Other physical details col. ill. ;
Dimensions 27 cm.
500 ## - GENERAL NOTE
General note Steven Gordon's name appears first on the earlier edition.
650 #0 - SUBJECT ADDED ENTRY--TOPICAL TERM
Topical term or geographic name entry element Management information systems.
700 1# - ADDED ENTRY--PERSONAL NAME
Personal name Gordon, Steven R.
942 ## - ADDED ENTRY ELEMENTS (KOHA)
Source of classification or shelving scheme Library of Congress Classification
Koha item type Books
Suppress in OPAC No
999 ## -
-- 9743
-- 9743
Holdings
Withdrawn status Lost status Source of classification or shelving scheme Damaged status Not for loan Collection Home library Current library Shelving location Date acquired Total checkouts Full call number Barcode Date last seen Price effective from Koha item type
    Library of Congress Classification     Non-fiction Main Library (Kumasi) Main Library (Kumasi) General stacks 05/04/2026   HD30.213 GOR bssk00000311 05/04/2026 05/04/2026 Books
© 2023-2024 Copyright: Central University Libraries. All Rights Reserved | Created by: Mahone Tech Office